| 000 | 00000nas##2200000za#4500 |
| 001 | 9.504046 |
| 003 | CaOODSP |
| 005 | 20200325094529 |
| 007 | cr ||||||||||| |
| 008 | 150406c2001||||xxc|| p o||||f| |0fre|d |
| 040 | |aCaOODSP|bfre |
| 043 | |an-cn--- |
| 086 | 1 |aCo52-19F-PDF |
| 110 | 1 |aCanada. |bPatrimoine canadien. |
| 245 | 10|aProgramme d'aide au développement de l'industrie de l'édition (PADIÉ) - demande d'aide financière, éditeurs de livres |h[ressource électronique] |
| 246 | 1 |aProgrammes de l’édition |
| 260 | |aHull - Québec : |bPatrimoine canadien |
| 310 | |aAnnuel |
| 362 | 1 |a[2001/2002]- |
| 500 | |aDescription d'après : 2001-2002. |
| 691 | 07|aAide financière|2gcpds |
| 691 | 07|aÉdition|2gcpds |
| 775 | 08|tBook Publishing Industry Development Program (BPIDP) - application for financial assistance, book publishers |w(CaOODSP)9.507661 |